Southville International School and Colleges
Your cart is empty.
  • Cart
  • Lists
    Public lists Eva Luna New books Lux_list list_1
    Your lists Log in to create your own lists
  • Log in to your account
  • Your cookies
  • Search history
Southville International School and Colleges
  • Advanced search
  • Recent comments
  • Most popular
  • Libraries

Log in to your account

Log in with GOOGLE


If you do not have an external account, but do have a local account, you can still log in:

  1. Home
  2. MARC view: The church and birth control /
Normal view MARC view ISBD view

The church and birth control / (Record no. 10303)

[ view plain ]
MARC details
000 -LEADER
fixed length control field 00613nam a22002177a 4500
003 - CONTROL NUMBER IDENTIFIER
control field SISC
005 - DATE AND TIME OF LATEST TRANSACTION
control field 20160404101419.0
008 - FIXED-LENGTH DATA ELEMENTS--GENERAL INFORMATION
fixed length control field 130903t xxu||||| |||| 00| 0 eng d
050 ## - LIBRARY OF CONGRESS CALL NUMBER
Classification number HQ 766.3
Item number .B622 1992
082 ## - DEWEY DECIMAL CLASSIFICATION NUMBER
Classification number HS 282
Item number B12 1992
100 ## - MAIN ENTRY--PERSONAL NAME
Personal name Bacani, Teodoro C.
9 (RLIN) 16402
245 ## - TITLE STATEMENT
Title The church and birth control /
Statement of responsibility, etc Teodoro C. Bacani.
260 ## - PUBLICATION, DISTRIBUTION, ETC. (IMPRINT)
Place of publication, distribution, etc Cardinal Jaime L. Sin :
Name of publisher, distributor, etc Archbishop of Manila,
Date of publication, distribution, etc c1992.
300 ## - PHYSICAL DESCRIPTION
Extent 122 p. ;
Dimensions 20 cm.
504 ## - BIBLIOGRAPHY, ETC. NOTE
Bibliography, etc includes bibliography.
562 ## - COPY AND VERSION IDENTIFICATION NOTE
Number of copies 1
650 ## - SUBJECT ADDED ENTRY--TOPICAL TERM
Topical term or geographic name as entry element Church
9 (RLIN) 16403
650 ## - SUBJECT ADDED ENTRY--TOPICAL TERM
Topical term or geographic name as entry element Birth control
9 (RLIN) 11873
942 ## - ADDED ENTRY ELEMENTS (KOHA)
Source of classification or shelving scheme Library of Congress Classification
Koha item type Books
Holdings
Withdrawn status Lost status Source of classification or shelving scheme Damaged status Home library Current library Shelving location Date acquired Total Checkouts Full call number Barcode Date last seen Copy number Price effective from Koha item type
    Library of Congress Classification   Luxembourg Library Luxembourg Library High School Section 09/03/2013   HQ 766.3 .B622 1992 9552 04/04/2016 1 09/03/2013 Books

The church and birth control /

APA

Bacani T. C., . (1992). The church and birth control. Cardinal Jaime L. Sin: Archbishop of Manila.

Chicago

Bacani Teodoro C, . 1992. The church and birth control. Cardinal Jaime L. Sin: Archbishop of Manila.

Harvard

Bacani T. C., . (1992). The church and birth control. Cardinal Jaime L. Sin: Archbishop of Manila.

MLA

Bacani Teodoro C, . The church and birth control. Cardinal Jaime L. Sin: Archbishop of Manila. 1992.

  • Place hold
  • Print
  • Cite
  • Add to your cart (remove)
  • Save record
    BIBTEX Dublin Core MARCXML MARC (non-Unicode/MARC-8) MARC (Unicode/UTF-8) MARC (Unicode/UTF-8, Standard) MODS (XML) RIS
  • More searches
    Search for this title in:
    Other Libraries (WorldCat) Other Databases (Google Scholar) Online Stores (Bookfinder.com) Open Library (openlibrary.org)

Exporting to Dublin Core...

SOUTHVILLE LIBRARY

Southville International School and Colleges Library

1281 Tropical Ave. Cor. Luxembourg St., BF Homes International, Las Pinas City

Tel. No. 8256374 / 252358 Loc. 117/146

Powered by Koha